00992nam a2200265 i 450000100060000000300090000600500170001500700030003200800410003510000210007624500420009725000120013926000490015130000200020050502780022070000200049870000200051870000210053870000320055974000190059174000210061074000310063174000290066285200350069145039ES-MaACL20230906161137.0t|030325s1969 sp ||||1| spa d1 aClavel, Bernard.13aLa gran paciencia / cBernard Clavel. a1ª ed. aBarcelona, etc. : bPlaza y Janés, c1969. a4 v. ; c20 cm.8 aContiene: T. I: La casa ajena / [traducción de Domingo Pruna]. -- T. II: El mar distante / [traducción de J. Ferrer Aleu]. -- T. III: El corazón de los vivos / [traducción de Alfredo Crespo]. -- T. IV: Los frutos del invierno / [traducción de Rosalía Vázquez]1 aPruna, Domingo.1 aFerrer Aleu, J.1 aCrespo, Alfredo.1 aVázquez Tomás, Rosalia.3 aLa casa ajena.3 aEl mar distante.3 aEl corazón de los vivos.4 aLos frutos del invierno. aES-MaACLjC-36011-14 bR.69244